Replacing taro foliage silage mix with banana stem by rice bran on digestiblity of crossbreed pig, (ជំនួសត្រាវផ្អាប់លាយជាមួយដើមចេកដោយកន្ទក់ លើភាពរលាយរបស់ជ្រូកកូនកាត់) (Record no. 2592)

000 -LEADER
fixed length control field 00650nam a22001337a 4500
040 ## - CATALOGING SOURCE
Transcribing agency RUA
082 ## - DEWEY DECIMAL CLASSIFICATION NUMBER
Classification number AVM AIN 2012 B101 Or.1
100 ## - MAIN ENTRY--AUTHOR NAME
Personal name AING KIMSEANG
245 ## - TITLE STATEMENT
Title Replacing taro foliage silage mix with banana stem by rice bran on digestiblity of crossbreed pig, (ជំនួសត្រាវផ្អាប់លាយជាមួយដើមចេកដោយកន្ទក់ លើភាពរលាយរបស់ជ្រូកកូនកាត់)
260 ## - PUBLICATION, DISTRIBUTION, ETC. (IMPRINT)
Place of publication Phnom Penh
Name of publisher Rua
Year of publication 2012
300 ## - PHYSICAL DESCRIPTION
Number of Pages viii;42p.
Other physical details ill.
Dimensions 29cm.
856 ## - ELECTRONIC LOCATION AND ACCESS
Uniform Resource Identifier https://drive.google.com/file/d/1XdwOg41FtiS9j28VshmwKGwvrn0CjpjY/view?usp=sharing
942 ## - ADDED ENTRY ELEMENTS (KOHA)
Koha item type AVM
952 ## - LOCATION AND ITEM INFORMATION (KOHA)
Withdrawn status [LOCAL, KOHA] 0
952 ## - LOCATION AND ITEM INFORMATION (KOHA)
Withdrawn status [LOCAL, KOHA] 0
952 ## - LOCATION AND ITEM INFORMATION (KOHA)
Withdrawn status [LOCAL, KOHA] 0
952 ## - LOCATION AND ITEM INFORMATION (KOHA)
Withdrawn status [LOCAL, KOHA] 0
952 ## - LOCATION AND ITEM INFORMATION (KOHA)
Withdrawn status [LOCAL, KOHA] 0
Holdings
Permanent Location Date acquired Koha item type Lost status Shelving location Barcode Current Location Full call number
Library Block B2015-10-24AVM B101RUA018674Library Block BAVM AIN 2012 B101 Or.1
Library Block B2015-10-24AVM B101RUA018253Library Block BAVM AIN 2012 B101 Or.2
Library Block B2015-10-24AVM B101RUA018463Library Block BAVM AIN 2012 B101 Or.3
Library Block B2015-10-24AVM B101RUA016796Library Block BAVM AIN 2012 B101 Or.4
Library Block B2015-10-24AVM B101RUA016651Library Block BAVM AIN 2012 B101 Or.5
មជ្ឈមណ្ឌលឯការនៃសាកលវិទ្យាល័យភូមិន្ទកសិកម្មចំការដូង

Powered by Koha